| 000 | 00667nam a2200217 a 4500 | ||
|---|---|---|---|
| 999 |
_c5055 _d5055 |
||
| 001 | 5055 | ||
| 003 | BD-JhCC | ||
| 005 | 20171207190723.0 | ||
| 008 | 171207s1978 bg |||| ||a| 000 0 ben d | ||
| 035 | _a(BD-JhCC) 5055 | ||
| 040 |
_aBD-JhCC _dBD-JhCC |
||
| 041 | _aeng | ||
| 082 |
_a891.4415 _bRAH 1978 |
||
| 100 | _aরাহমান, শামসুর | ||
| 245 |
_aপ্রতিদিন ঘরহীন ঘরে / _c শামসুর রাহমান, |
||
| 260 |
_aঢাকা : _bসন্ধানী প্রকাশনী-ঢাকা , _c1978 |
||
| 300 |
_a120 p .: _c22 cm . |
||
| 650 | _aBengali Poem | ||
| 942 |
_2ddc _cBK |
||